000 00322nam a2200109Ia 4500
008 220214s9999 xx 000 0 und d
100 _aPenman HL
245 0 _aNatural evaporation from open water, bare soil and grass
260 _bProceedings of the Royal Society of London. Ser A
_c1948
300 _a120-145
942 _cRE
999 _c45767
_d45767